Několik myšlenek o plánu a trhu.
Skutočnosť, že plánovaný totalitný socializmus nebol schopný zabezpečiť trvalý rast, viedla k rozšíreniu naivnej viery medzi mnohými východoeurópskymi ekonómami, že všestranným liekom na všetky ťažkosti je voľný trh. Jestvuje však celý rad aktivít, ktorý nemôže zabezpečiť trh, ale len štát a verejné...
Salvato in:
| Autore principale: | |
|---|---|
| Natura: | Capitolo di libro |
| Lingua: | ceco |
| Soggetti: | |
| Tags: |
Nessun Tag, puoi essere il primo ad aggiungerne!!
|
MARC
| LEADER | 00000naa a2200000 4500 | ||
|---|---|---|---|
| 001 | r010208 | ||
| 005 | 20220831090750.1 | ||
| 041 | 0 | |a cze | |
| 044 | |a [CS] | ||
| 245 | 1 | 0 | |a Několik myšlenek o plánu a trhu. |c A. Nove |
| 520 | |a Skutočnosť, že plánovaný totalitný socializmus nebol schopný zabezpečiť trvalý rast, viedla k rozšíreniu naivnej viery medzi mnohými východoeurópskymi ekonómami, že všestranným liekom na všetky ťažkosti je voľný trh. Jestvuje však celý rad aktivít, ktorý nemôže zabezpečiť trh, ale len štát a verejné inštitúcie. Ekonómovia by sa nemali učiť z kapitalizmu voľnej súťaže, ale od Japonska a Južnej Kórey, ani odmietať pojem sociálno-trhové hospodárstvo. | ||
| 610 | 2 | 0 | |a hospodárstvo plánované |
| 610 | 2 | 0 | |a hospodárstvo trhové |
| 610 | 2 | 0 | |a trh |
| 610 | 2 | 0 | |a plán |
| 610 | 2 | 0 | |a štát |
| 610 | 2 | 0 | |a sektor verejný |
| 610 | 2 | 0 | |a teórie ekonomické |
| 610 | 2 | 0 | |a svet |
| 610 | 2 | 0 | |a východná Európa |
| 100 | 1 | |a Nove, A. | |